[Event "Berlin-ch QT"]
[Site "Berlin"]
[Date "2015.04.08"]
[Round "6"]
[White "Arndt, Uwe"]
[Black "Lorenz, Joerg"]
[Result "1/2-1/2"]
[WhiteElo "2016"]
[BlackElo "2126"]
[PlyCount "47"]
[EventDate "2015.04.03"]
[EventType "swiss"]
[EventRounds "9"]
[EventCountry "GER"]
[SourceTitle "EXT 2022"]
[Source "ChessBase"]
[SourceDate "2021.10.06"]
[SourceVersion "1"]
[SourceVersionDate "2021.10.06"]
[SourceQuality "1"]

1. d4 d5 2. c4 e6 3. Nf3 Nf6 4. Nc3 c6 5. Bg5 Nbd7 6. e3 Qa5 7. cxd5 Nxd5 8. Qd2 Bb4 9. Rc1 f5 10. Bd3 N7f6 11. 0-0 0-0 12. Rfe1 Bd7 13. Ne5 Qc7 14. Qc2 Nxc3 15. bxc3 Bd6 16. f4 Rae8 17. Rb1 Bc8 18. Bxf6 gxf6 19. Nf3 Kh8 20. c4 Qf7 21. c5 Bb8 22. g3 Re7 23. a4 Bc7 24. Re2 1/2-1/2

[Event "Berlin-ch QT"]
[Site "Berlin"]
[Date "2013.04.07"]
[Round "9"]
[White "Lorenz, Joerg"]
[Black "Heerde, Thomas"]
[Result "1-0"]
[WhiteElo "2148"]
[BlackElo "2023"]
[PlyCount "75"]
[EventDate "2013.03.30"]
[EventType "swiss"]
[EventRounds "9"]
[EventCountry "GER"]
[SourceTitle "EXT 2023"]
[Source "ChessBase"]
[SourceDate "2022.10.05"]
[SourceVersion "1"]
[SourceVersionDate "2022.10.05"]
[SourceQuality "1"]

1. e4 d5 2. exd5 Qxd5 3. Nc3 Qa5 4. d4 Nf6 5. Bc4 Bf5 6. Bd2 c6 7. Nd5 Qd8 8. Nxf6+ gxf6 9. c3 e6 10. Ne2 Nd7 11. Ng3 Bg6 12. Qe2 Qc7 13. 0-0 0-0-0 14. a4 Bd6 15. a5 h5 16. Rfe1 h4 17. Nf1 Bh5 18. Qe3 f5 19. Be2 f4 20. Qh3 Bg6 21. c4 c5 22. a6 b6 23. b4 cxb4 24. Rec1 Nf6 25. c5 bxc5 26. Bxb4 cxb4 27. Rxc7+ Bxc7 28. Rc1 Rxd4 29. Qf3 Nd5 30. Bc4 Be4 31. Qg4 Nf6 32. Qe2 Rhd8 33. f3 Bd5 34. Bxd5 R8xd5 35. Qc2 Rd7 36. Qc5 Kd8 37. Qxa7 Nd5 38. Qc5 1-0

[Event "Rostock  PSV op 05th"]
[Site "Rostock"]
[Date "2005.08.26"]
[Round "4"]
[White "Lorenz, Joerg"]
[Black "Kliewe, Hans Juergen"]
[Result "1/2-1/2"]
[WhiteElo "2163"]
[BlackElo "2166"]
[PlyCount "30"]
[EventDate "2005.08.25"]
[EventType "swiss"]
[EventRounds "7"]
[EventCountry "GER"]
[SourceTitle "EXT 2007"]
[Source "ChessBase"]
[SourceDate "2006.11.23"]
[SourceVersion "1"]
[SourceVersionDate "2006.11.23"]
[SourceQuality "1"]

1. e4 e6 2. d4 d5 3. e5 c5 4. c3 Nc6 5. Nf3 Qb6 6. Bd3 Bd7 7. dxc5 Bxc5 8. Qe2 a5 9. Nbd2 Qc7 10. Nb3 Ba7 11. 0-0 Nge7 12. Bf4 a4 13. Nbd4 Bxd4 14. cxd4 Qb6 15. Rfd1 Nb4 1/2-1/2

[Event "Oberliga Nord O 0203"]
[Site "Germany"]
[Date "2003.01.13"]
[Round "4.8"]
[White "Lorenz, Joerg"]
[Black "Mattick, Lutz"]
[Result "0-1"]
[WhiteElo "2182"]
[BlackElo "2280"]
[PlyCount "68"]
[EventDate "2002.10.20"]
[EventType "team"]
[EventRounds "9"]
[EventCountry "GER"]
[SourceTitle "EXT 2009"]
[Source "ChessBase"]
[SourceDate "2008.11.26"]
[SourceVersion "1"]
[SourceVersionDate "2008.11.26"]
[SourceQuality "1"]
[WhiteTeam "Oberschoeneweide"]
[BlackTeam "Kreuzberg"]
[WhiteTeamCountry "GER"]
[BlackTeamCountry "GER"]

1. e4 c5 2. Nc3 e6 3. g3 d5 4. exd5 exd5 5. Bg2 Nf6 6. d3 d4 7. Ne4 Nxe4 8. Bxe4 Nd7 9. Ne2 Nf6 10. Bf3 Bd6 11. Nf4 0-0 12. 0-0 Re8 13. Re1 Rxe1+ 14. Qxe1 Ng4 15. Bd2 Ne5 16. Bd5 Bg4 17. Kg2 Qd7 18. f3 Bf5 19. Be4 Re8 20. Qf2 Bxe4 21. dxe4 Nc4 22. b3 Nxd2 23. Qxd2 Bxf4 24. Qxf4 b5 25. Rd1 Qc6 26. Rd2 h6 27. Qf5 Rd8 28. Qe5 Qb6 29. Kf1 c4 30. Ke2 d3+ 31. cxd3 Qg1 32. Qc3 Qxh2+ 33. Ke3 Qxg3 34. dxc4 Qe1+ 0-1

[Event "Oberliga Nord O 0001"]
[Site "Germany"]
[Date "2001.??.??"]
[Round "?"]
[White "Lorenz, Joerg"]
[Black "Postler, Reinhard"]
[Result "1/2-1/2"]
[WhiteElo "2145"]
[BlackElo "2300"]
[PlyCount "114"]
[EventDate "2000.10.??"]
[EventType "team"]
[EventRounds "9"]
[EventCountry "GER"]
[SourceTitle "EXT 2004"]
[Source "ChessBase"]
[SourceDate "2003.11.25"]
[SourceVersion "1"]
[SourceVersionDate "2003.11.25"]
[SourceQuality "1"]

1. e4 c5 2. Nc3 e6 3. g3 d5 4. exd5 exd5 5. Bg2 Nf6 6. d3 Be7 7. Nge2 d4 8. Ne4 Nxe4 9. Bxe4 Nd7 10. Nf4 Nf6 11. Bf3 0-0 12. 0-0 Rb8 13. a4 b6 14. Re1 Qd7 15. Bd2 Bb7 16. Bxb7 Qxb7 17. Nh5 Rfe8 18. Nxf6+ Bxf6 19. Qg4 Qd5 20. b3 h5 21. Qh3 a6 22. Qg2 Qxg2+ 23. Kxg2 g5 24. h3 g4 25. Bf4 Rbc8 26. hxg4 hxg4 27. f3 gxf3+ 28. Kxf3 Kg7 29. Rh1 Be5 30. Bh6+ Kg6 31. Bd2 Bg7 32. Rae1 f5 33. Bf4 b5 34. Rxe8 Rxe8 35. axb5 axb5 36. Ra1 Re6 37. Ra5 c4 38. bxc4 bxc4 39. dxc4 Rc6 40. Ra4 Bf6 41. g4 fxg4+ 42. Kxg4 Re6 43. Kf3 Bg5 44. Bxg5 Kxg5 45. Ra5+ Kf6 46. Rd5 Re3+ 47. Kf4 Ke6 48. Rxd4 Rc3 49. Ke4 Rxc2 50. Kd3 Rc1 51. Kd2 Rb1 52. Kc3 Rb7 53. c5 Rd7 54. Rh4 Kd5 55. Rh5+ Kc6 56. Kc4 Rd1 57. Rh6+ Kc7 1/2-1/2